000 01200nam a2200337 i 4500
001 768714001
003 CO-MdFUSB
005 20220308161652.0
007 ta
008 210315t1985 enk |||| |||| 00| 0 eng d
020 _a0232516456
040 _aCO-MdFUSB
_bspa
_cCO-MdFUSB
_dCO-MdFUSBC
_erda
041 _aeng
082 _223
_a248.32
_bEL46
100 _aElliott, Charles‎,
_eautor
245 1 _aPraying the kingdom :
_btowards a political spirituality
_c/ Charles ‎Elliott
264 1 _aLondres :
_bDarton, Longman and Todd,
_c[1985]
264 4 _c© 1985
300 _a150 páginas
_c; 22 cm
336 _2rdacontent
_atexto
_btxt
337 _2rdamedia
_asin mediación
_bn
338 _2rdacarrier
_avolumen
_bnc
505 _aMirando el mundo. -- Mirándome a mí mismo. -- Mirando la oración. -- Explicación e historia. -- Historia en el Antiguo Testamento. -- El reino se ofreció. -- El reino rechazó y volvió a ofrecer. -- Oración y comunidad de adoración. -- Oración y acción.
563 _aRústico
650 0 _919
_aVida cristiana
650 7 _986
_aOración
650 0 _91066
_aAdoración
942 _cBK
945 _aJTF-925
999 _c66656
_d66656